00750cam a2200253 i 4500001000700000003000700007005001700014008004100031020003800072040002400110042000900134084001000143100002000153245008000173246003200253246003200285250001100317260003400328300003000362490002700392650002500419650002500444830002700469545642YEEZEN20250724154333.0241101s2024 ch a g 000 0 chi d a9789861366968q(平裝) :cNT$400 aNAERbchicTAEeCCR anbic a176.51 a蔡康永,e著10a你願意, 人生就會值得 :b蔡康永的情商課 .n3 /c蔡康永著3 a你願意人生就會值得30a蔡康永的情商課 .n3. a初版 a臺北市 :b如何,c2024.08 a282面 :b圖 ;c21公分1 aHappy Learning ;v213. 7a情緒商數2lcstt. 7a情緒管理2lcstt. 0aHappy Learning ;v213.